Cowboys & aliens/ (Record no. 214)
[ view plain ]
| 000 -LEADER | |
|---|---|
| fixed length control field | 01601nam a2200241 a 4500 |
| 005 - DATE AND TIME OF LATEST TRANSACTION | |
| control field | 20260322212011.0 |
| 008 - FIXED-LENGTH DATA ELEMENTS--GENERAL INFORMATION | |
| fixed length control field | data |
| 099 ## - LOCAL FREE-TEXT CALL NUMBER (OCLC) | |
| Classification number | DVD 619 |
| 001 - CONTROL NUMBER | |
| control field | data |
| 245 00 - TITLE STATEMENT | |
| Title | Cowboys & aliens/ |
| Statement of responsibility, etc. | Universal Pictures, Dreamworks Pictures, Reliance Entertainment present in association with Relativity Media an Imagine Entertainment ... [et [et al.] production ; produced by Brian Grazer ... [et al.] ; screenplay by Roberto Orci ... [et al.] ; directed by Jon Favreau. Director of photography, Matthew Libatique ; editors, Dan Lebental, Jim May ; music, Harry Gregson-Williams. |
| 260 ## - PUBLICATION, DISTRIBUTION, ETC. | |
| Place of publication, distribution, etc. | Universal City, CA : |
| Name of publisher, distributor, etc. | Universal Studios Home Entertainment, |
| Date of publication, distribution, etc. | 2011. |
| 300 ## - PHYSICAL DESCRIPTION | |
| Extent | DVD video 1 videodisc (1 hr., 59 min.) : sd., col. ; |
| Other physical details | 4 3/4 in. |
| 500 ## - GENERAL NOTE | |
| General note | Originally released as a motion picture in 2011./ "Based on Platinum 'Studios' Cowboys and aliens by Scott Michael Rosenberg."/ Participants: Daniel Craig, Harrison Ford, Olivia Wilde, Sam Rockwell, Clancy Brown, Adam Beach, Paul Dano, Noah Ringer, Keith Caradine./ Audience: MPAA rating: PG-13; for intense sequences of western and sci-fi action and violence, some partial nudity and a brief crude reference. |
| 520 ## - SUMMARY, ETC. | |
| Summary, etc. | In Arizona in 1873, a stranger leads a posse of cowboys, outlaws and Apache warriors against an alien enemy. |
| 650 #0 - SUBJECT ADDED ENTRY--TOPICAL TERM | |
| Topical term or geographic name entry element | Action and adventure films |
| 650 #0 - SUBJECT ADDED ENTRY--TOPICAL TERM | |
| Topical term or geographic name entry element | Science fiction |
| 700 1# - ADDED ENTRY--PERSONAL NAME | |
| Personal name | Favreau, Jon. |
| 700 1# - ADDED ENTRY--PERSONAL NAME | |
| Personal name | Grazer, Brian, |
| Dates associated with a name | 1953- |
| 700 1# - ADDED ENTRY--PERSONAL NAME | |
| Personal name | Orci, Roberto. |
| 700 1# - ADDED ENTRY--PERSONAL NAME | |
| Personal name | Craig, Daniel,; 1968- |
| 700 1# - ADDED ENTRY--PERSONAL NAME | |
| Personal name | Ford, Harrison, |
| Dates associated with a name | 1942- |
| 856 41 - ELECTRONIC LOCATION AND ACCESS | |
| Uniform Resource Identifier | <a href="https://m.media-amazon.com/images/I/91n4lj428aL._AC_UY218_ML3_.jpg">https://m.media-amazon.com/images/I/91n4lj428aL._AC_UY218_ML3_.jpg</a> |
| Withdrawn status | Lost status | Damaged status | Not for loan | Home library | Current library | Shelving location | Date acquired | Total checkouts | Full call number | Barcode | Date last seen | Price effective from | Koha item type |
|---|---|---|---|---|---|---|---|---|---|---|---|---|---|
| Centerville | Centerville | General stacks | 22/03/2026 | GEN | BC0010222 | 22/03/2026 | 22/03/2026 | Books |